[Event "WchT 8th"]
[Site "Ningbo"]
[Date "2011.07.17"]
[Round "1.3"]
[White "Model game 4: Akopian, Vladimir Eduardovic"]
[Black "Postny, Evgeny"]
[Result "1-0"]
[WhiteElo "2667"]
[BlackElo "2618"]
[Annotator "dkulj"]
[PlyCount "113"]
[EventDate "2011.07.17"]
[EventType "team-tourn"]
[EventRounds "9"]
[EventCountry "CHN"]
[SourceTitle "CBM 144"]
[Source "ChessBase"]
[SourceDate "2011.09.16"]
[SourceVersion "1"]
[SourceVersionDate "2011.09.16"]
[SourceQuality "1"]
[WhiteTeam "Armenia"]
[BlackTeam "Israel"]
[WhiteTeamCountry "ARM"]
[BlackTeamCountry "ISR"]

{[%evp 0,113,21,28,13,18,15,-4,31,3,-4,-6,26,4,2,4,19,-13,-11,-10,-1,-1,6,6,6,
-15,-14,-20,-23,0,18,6,0,-9,4,0,2,8,38,20,51,44,46,38,19,19,38,33,30,27,87,67,
67,60,74,70,72,141,163,141,142,133,134,129,154,148,152,148,186,150,148,157,182,
147,140,140,163,154,154,145,178,162,165,157,147,149,149,138,117,142,165,164,
160,164,177,177,179,183,177,177,177,171,177,201,188,205,204,224,205,255,267,
288,284,286,296,293]} 1. e4 e5 2. Nf3 Nc6 3. Bb5 a6 4. Ba4 Nf6 5. O-O Be7 6.
Re1 b5 7. Bb3 d6 8. c3 O-O 9. h3 Na5 10. Bc2 c5 11. d4 Nd7 12. dxc5 dxc5 {
[%csl Ye4,Ye5] This structure was one of Bobby Fischer's favorite in the Ruy
Lopez. The fixed center means that we have a big maneuvering battle ahead.
White tries to take control over d5-square and therefore the following Rauzer
maneuver:} 13. Nbd2 {[%csl Rd5,Rf5][%cal Gd2f1,Gf1e3] is the most appropriate.}
Bb7 {This is the most natural move, but it may not be the best one.} (13... Re8
$5 {[%csl Re5][%cal Ye7f8] might be a better choice because it is more
important to secure the e5-pawn from attacks than develop the queenside at
this stage.} 14. Qe2 Bf8 {[%cal Ye8e5]} 15. Nf1 (15. b3 Nb6 {[%csl Gd5][%cal
Ye8e5]}) 15... Nc4 16. b3 Nd6 {[%csl Yc8,Yd8]} 17. c4 {We have a position
which is very reminiscent of the main game, but Black has saved time on ...Bb7
and ...Qc7, which allows him to play} Nb8 $1 {[%csl Yd4][%cal Gb8c6,Gc6d4]} 18.
Ne3 Nc6 19. Nd5 {[%csl Yd8] Moreover, this move doesn't come with a tempo as
in the main game. Black is ready to counterattack with ...Nd4 at any moment,
so the position is roughly balanced.} Bb7 20. Ba3 $6 b4 21. Bb2 a5 22. a3 f6
23. Nd2 ({If White goes for Akopian's maneuver} 23. Nh4 {then Black obtains
counterplay on the queenside with} bxa3 24. Rxa3 Nd4 $132) 23... Nf7 $1 {
[%cal Gf7g5,Gg5e6] A very instructive maneuver. For some reason, White did
nothing to stop it.} 24. Qd3 (24. h4 Nd4 $13) 24... Ng5 25. Bd1 Ne6 26. Bg4
Ned4 27. Nf1 $2 (27. a4 $13) 27... bxa3 28. Bxa3 Nb4 {[%csl Yb4,Yd4] Now Black
takes over.} 29. Nxb4 cxb4 30. Bb2 Bc5 $17 {[%csl Rb3,Yc5,Yd4][%cal Ga5a4] 0-1
(95) Gutenev,A (2448)-Kovalev,V (2629) Sochi 2017}) 14. Qe2 {[%csl Yd5][%cal
Gb2b3,Gc3c4]} Qc7 {[%csl Rc7] This is also not the ideal square for the queen,
as we will see.} (14... c4 15. Nf1 Re8 16. Ne3 Nc5 17. Rd1 {[%csl Yd3,Gd5]} Qc7
18. Nd5 Bxd5 19. Rxd5 $14 {[%csl Gd5]}) 15. Nf1 Nc4 {[%csl Yd6][%cal Gc4d6]
The knight's headed to d6, a much better square than a5.} (15... Rfe8 $5 16.
Ne3 Bf8 {[%csl Ye8][%cal Ye8e4]}) 16. b3 Nd6 17. c4 $14 {[%csl Re5][%cal Gf1e3,
Ge3d5,Gc1b2] White has achieved his first goal - he took full control over the
d5-square. Meanwhile, Black will need some extra time to reroute his knights
toward d4-outpost.} Rfe8 18. Bb2 f6 {[%csl Rg8]} 19. Ne3 $1 {Tactics in
service of strategy.} Nf8 (19... Nxe4 {would be very risky in the view of} 20.
Nf5 Nd6 21. N3h4 Nxf5 22. Nxf5 $40 {[%csl Yb2,Yc2,Gf5][%cal Ge2g4,Gf2f4]}) 20.
Nd5 {[%csl Gd5]} Qc6 21. Qd3 $1 Rad8 ({The point behind White's last move is
that the intended} 21... Ne6 {wouldn't work due to} 22. Bxe5 $1 fxe5 23. Nxe5
Qc8 24. Nxe7+ Rxe7 25. Qxd6 $18) 22. a4 $1 {Playing on both flanks.} b4 (22...
Ne6 23. axb5 axb5 24. Ra5 b4 25. h4 $16 {[%cal Gh4h5,Gh5h6]}) 23. Nh4 $1 {
[%cal Gd3g3]} Ne6 24. Qg3 Kh8 25. Bd1 $1 {[%csl Rh8][%cal Gd1h5] The key
maneuver that will break Black's defense.} Nf4 (25... Nd4 26. Bxd4 cxd4 27. Bh5
$18 {[%cal Gh4g6]}) 26. Nxf4 exf4 27. Qxf4 Nxe4 28. Bh5 $1 $18 (28. Bf3 $6 Bd6
{[%csl Ye8][%cal Ye8e4]}) 28... Bd6 (28... Rf8 29. Bf3 $18 {[%csl Re4,Rf8]})
29. Bxe8 Rxe8 30. Qe3 Qc7 31. Nf3 Re7 32. Qd3 Kg8 33. Rad1 f5 34. Kf1 Bc6 35.
Nd2 Re6 36. Nxe4 fxe4 37. Qd2 h6 38. Re3 Kh7 39. g3 Be7 40. h4 Qc8 41. Qc2 Rg6
42. Rd5 Qh3+ 43. Ke2 Qg4+ 44. Ke1 Bxd5 45. cxd5 Kg8 46. Qxe4 Qxe4 47. Rxe4 Kf7
48. Be5 Bf6 49. Bc7 Be7 50. Ke2 Bd6 51. h5 Rf6 52. Bxd6 Rxd6 53. Re5 c4 54.
bxc4 b3 55. Kd3 Rb6 56. Re1 b2 57. Rb1 1-0

[Event "MNT-ch 66th"]
[Site "Podgorica"]
[Date "2014.12.12"]
[Round "3"]
[White "Model game 5: Djukic, Nikola"]
[Black "Blagojevic, Dragisa"]
[Result "1/2-1/2"]
[WhiteElo "2512"]
[BlackElo "2504"]
[Annotator "dkulj"]
[PlyCount "82"]
[EventDate "2014.12.10"]
[EventType "tourn"]
[EventRounds "11"]
[EventCountry "MNE"]
[EventCategory "5"]
[SourceTitle "EXT 2016"]
[Source "ChessBase"]
[SourceDate "2015.10.08"]
[SourceVersion "1"]
[SourceVersionDate "2015.10.08"]
[SourceQuality "1"]

{[%evp 0,82,30,36,36,36,28,23,29,8,0,5,10,-2,2,10,15,-10,-6,-6,-1,-1,5,0,0,1,
45,40,54,37,37,12,35,14,23,18,18,3,6,9,22,21,21,26,25,-3,-4,2,21,21,34,30,41,
47,47,47,56,52,53,39,49,69,63,50,50,48,80,78,83,64,80,72,72,39,35,35,29,27,33,
22,28,28,28,39,56]} 1. e4 e5 2. Nf3 Nc6 3. Bb5 a6 4. Ba4 Nf6 5. O-O Be7 6. Re1
b5 7. Bb3 d6 8. c3 O-O 9. h3 ({This structure can arise from many different
branches of the Ruy Lopez, for example:} 9. d4 Bg4 10. Be3 exd4 11. cxd4 Na5
12. Bc2 Nc4 13. Bc1 c5 14. b3 Nb6 15. Nbd2 cxd4 16. Bb2 Nfd7 17. Qb1 Bxf3 18.
Nxf3 g6 19. Bxd4 Bf6 20. Qb2 {[%csl Rb6,Rd6,Ge4] [#] Compared to the main game,
Black doesn't have the passive bishop on b7, but his b6-knight is not much
better placed either. In the game, I managed to improve this knight with a
help of tactics:} Rc8 {[%csl Rc2]} 21. Re2 Re8 {[%csl Re2]} 22. Rd1 Nd5 $1 {
[%csl Yc3,Yf4] Now either c3- or f4-square will become a great outpost for
this knight} 23. Qa3 (23. Bxf6 N7xf6 {[%cal Gd5c3]}) 23... Nf4 {[%csl Rb6,Re2,
Yf4]} 24. Red2 Bxd4 25. Nxd4 Nc5 {[%csl Re4] Black needs to play actively with
his pieces in this structure in order to create dynamic chances for himself.}
26. Nf3 {[%csl Rd6]} Qe7 27. g3 (27. Rxd6 Nb7 $19 {[%csl Rc2]}) 27... Nxe4 $1 {
White did not react well to this tactic and his position collapsed quickly.}
28. gxf4 $2 (28. Bxe4 Qxe4 29. Qxd6 Qxf3 30. Qxf4 Qxf4 31. gxf4 $15) 28... Nxd2
29. Rxd2 Rxc2 $1 30. Rxc2 Qe4 $1 31. Rc1 (31. Rc3 b4 $19) 31... Qxf3 32. Qxd6
h5 $19 {0-1 (35) Jakic, I (2404)-Kuljasevic,D  (2580) Bosnjaci 2014}) 9... Na5
10. Bc2 c5 11. d4 Nd7 12. b3 exd4 13. cxd4 Nc6 14. Nc3 Bf6 15. Be3 cxd4 16.
Nxd4 Nxd4 17. Bxd4 {This is a very typical structure for the Ruy Lopez.
Sometimes we see it in the King's Indian defense, as well. The backward
isolated d6-pawn is not a pride of Black's position, so he needs to compensate
for this structural defficiency with active piece play.} Bb7 {[%csl Rc2,Rc3,
Rd6,Ye4][%cal Rc2b3] White would much rather have the pawn on b2 to protect
the c3-knight and allow the bishop to transfer to a2-g8 diagonal.} 18. Rc1 (18.
Nd5 $2 {is a typical strategic mistake as after} Bxd5 19. exd5 g6 $15 {[%csl
Rc2,Gd7] we will have a good knight vs bad bishop scenario (after the
inevitable exchange of DSB), as in the following game:} 20. b4 Rc8 21. Bb3 Be5
22. Bxe5 Nxe5 23. Qd4 Re8 24. Kf1 a5 $6 (24... Qf6 $17) 25. a4 $1 bxa4 26. Bxa4
Rf8 27. bxa5 Qxa5 28. Bd1 Qc5 $15 {[%csl Rd1,Rd5,Ye5] 0-1 (49) Prince,B (2316)
-Short,N (2674) Kolkata 2014}) 18... Rc8 19. Bb1 Re8 {This generic move is a
bit passive here.} ({Black should have taken the opportunity to activate his
knight with} 19... Nc5 20. Qd2 Bxd4 21. Qxd4 Ne6 22. Qe3 Qf6 $132 {[%csl Ye6,
Yf6][%cal Ye6f4,Ye6d4,Ye6c5]}) 20. Bxf6 Nxf6 21. Qd4 {[%csl Yd4,Rd6,Rf6][%cal
Gc1d1] White has excellent central control (so ...d6-d5 break is out of
question) and it's not so easy for Black to generate real counterplay.} Qe7 22.
Rcd1 Qe5 23. Re3 $1 {[%csl Yc3,Ye4][%cal Rd6d5] A nice consolidating move.
This game shows the proper strategy for White in this type of middlegame. A
worse endgame for Black is inevitable.} Qxd4 24. Rxd4 $14 Rc6 25. Ne2 Kf8 26.
Rd1 g6 27. f3 {[%csl Re4]} Rec8 (27... d5 28. e5 $14 {[%cal Ge2d4]}) 28. Kf2
Ke7 29. Red3 b4 {[%csl Ra2,Yc3]} 30. R3d2 {[%cal Gb1d3,Gd3c4]} a5 31. Bd3 Rb6
32. Nf4 Nd7 33. Be2 Nc5 34. Nd5+ $6 (34. g4 a4 35. Bc4 $16 {[%csl Rb7]}) 34...
Bxd5 35. Rxd5 a4 $132 36. bxa4 (36. Bc4 $14) 36... Nxa4 $11 37. Ra5 Nc3 38.
Ra7+ Ke6 39. Rd2 b3 40. axb3 Nxe2 41. Kxe2 Rxb3 1/2-1/2